banner-ar

INTRODUCTION TO GLOBAL MILITARY HISTORY 1775 TO THE PRESENT DAY / (Record no. 8165)

MARC details
000 -الفاتح
حقل البيانات ثابتة الطول 00510nam a2200181Ia 4500
008 - عناصر البيانات ثابتة الطول - معلومات عامة
حقل البيانات ثابتة الطول 140319s9999 xx 000 0 eng d
020 ## - الرقم الدولى المعيارى للكتب
الرقم الدولى المعيارى للكتاب 0415353855
040 ## - مصدر الفهرسة
وكالة الفهرسة الأصلية GCL /
وكالة النسخ GCL
082 04 - رقم تصنيف ديوى العشرى
رقم التصنيف 909.8
رقم المادة B I
100 1# - المدخل الرئيسى - إسم شخصى
الإسم الشخصى BLACK, JEREMY
245 10 - بيان العنوان
العنوان INTRODUCTION TO GLOBAL MILITARY HISTORY 1775 TO THE PRESENT DAY /
بيان المسئوليه,etc BLACK, JEREMY
260 ## - PUBLICATION, DISTRIBUTION, ETC. (IMPRINT)
تاريخ النشر أو التوزيع 2005
300 ## - الوصف المادى
التعداد 28 CM ؛
أبعاد الوعاء 294 P
650 04 - المدخل الاضافى بالموضوع-مصطلح موضوعى
مصطلح موضوعي MILITARY HISTORY - MODERN
650 04 - المدخل الاضافى بالموضوع-مصطلح موضوعى
مصطلح موضوعي HISTORY
942 ## - عناصر المدخل الإضافي( كوها)
مصدر التصنيف او مخطط الترفيف Dewey Decimal Classification
Koha [default] item type كتاب
260 ## - PUBLICATION, DISTRIBUTION, ETC. (IMPRINT)
-- انجلترا :
-- ROUTLEDGE ،
Holdings
حالة التراجع حالة الفقد حالة تلف ليس للاعارة المكان المؤقت الموقع الحالى تاريخ الاكتساب اجمالي اﻻعارات رقم الطلب الباركود تاريخ اخر مشاهدة تاريخ تفعيل السعر نوع وعاء كوها
        مكتبة القاهرة الكبرى مكتبة القاهرة الكبرى 03/26/2014   909.8\B I 16914 03/26/2014 03/26/2014 كتاب

Powered By

EGPV